000 01998nam0a2200361 4500
001 RU\NLR\BIBL_A\022760903
005 20260420063705.0
010 _a978-5-6052851-8-2
_9200
021 _aRU
_bКН-П-26-006279
_9КН-П-26-0610
035 _a(NLR Aleph) 022760903
090 _a13688576
_c13688576
100 _a20260320d2025 k y0rusy50 ca
101 0 _arus
102 _aRU
105 _aa z 010yd
181 0 _ai3
_baxxe
182 0 _an
200 1 _aАктуальность философского наследия Ф. В. Й. Шеллинга: к 250-летию мыслителя
_eсборник научных статей
_e[по материалам теоретический семинар "Актуальность философского наследия Ф. В. Й. Шеллинга", 17 апреля 2025 г. ]
_fотв. редакторы: А. Н. Муравьёв, A. А. Иваненко
203 _aТекст
_bвизуальный
_cнепосредственный
210 _aСанкт-Петербург
_cУмозрение
_d2025
215 _a299, [1] с.
_cил.
_d22
320 _aБиблиогр. в конце ст.
333 _a16+
600 1 _aШеллинг
_bФ. В. Й.
_f1775 - 1854
_gФридрих Вильгельм Йозеф
_jСъезды, совещания и т.п
_xФилософское наследие
_92705381
_3RU\NLR\AUTH\6601769259
686 1 _aЮ3(4Г)5-563.5-34я321
702 1 _aМуравьёв
_bА. Н.
_4340
702 1 _4280
_7ca
_8rus
_aШеллинг
_bФ. В.
_f1775-1854
_gФридрих Вильгельм
_963492
_3RU\NLR\AUTH\7780564
711 1 2 _a"Актуальность философского наследия Ф. В. Й. Шеллинга", теоретический семинар
_eСанкт-Петербург
_f2025
_92703652
_3RU\NLR\AUTH\880640973
942 _cBOOK
980 _aNB